[Event "ROM-ch U14 Girls"]
[Site "Calimanesti Caciulata"]
[Date "2019.04.19"]
[Round "6"]
[White "Pana, Alexandra Emilia"]
[Black "Virgolici, Diana Maria"]
[Result "1/2-1/2"]
[WhiteElo "1070"]
[BlackElo "1176"]
[PlyCount "51"]
[EventDate "2019.04.15"]
[EventType "swiss"]
[EventRounds "9"]
[EventCountry "ROU"]
[SourceTitle "CBM 190 Extra"]
[Source "ChessBase"]
[SourceDate "2019.07.15"]
[SourceVersion "1"]
[SourceVersionDate "2019.07.15"]
[SourceQuality "1"]

1. e4 e5 2. Nf3 Nc6 3. Bb5 a6 4. Bxc6 dxc6 5. Nxe5 Qd4 6. Nd3 Qxe4+ 7. Kf1 Be6 8. Nc3 Qd4 9. b3 Nf6 10. Bb2 Qd6 11. Qf3 0-0-0 12. h3 Bd5 13. Nxd5 Qxd5 14. Qxd5 Rxd5 15. Bxf6 gxf6 16. g3 Bd6 17. Kg2 Re8 18. Rhe1 Be5 19. Rad1 Red8 20. Nxe5 Rxe5 21. Rxe5 fxe5 22. d3 e4 23. f4 exd3 24. Rxd3 Rxd3 25. cxd3 Kd7 26. Kf3 1/2-1/2